Balance de una esperanza Esquipulas II un año después /
Guardat en:
| Autor principal: | |
|---|---|
| Altres autors: | |
| Format: | Text |
| Publicat: |
San José:
FLACSO. CSUCA. Universidad para la Paz
|
| Etiquetes: |
Afegir etiqueta
Sense etiquetes, Sigues el primer a etiquetar aquest registre!
|
MARC
| LEADER | 00000 a a2200000 04500 | ||
|---|---|---|---|
| 001 | 21184 | ||
| 003 | |||
| 040 | |||
| 090 | |a 092200 | ||
| 100 | |a Gomaríz Moraga, Enrique | ||
| 245 | |a Balance de una esperanza Esquipulas II un año después / |c Enrique Gomaríz Moraga | ||
| 260 | |a San José: |b FLACSO. CSUCA. Universidad para la Paz | ||
| 300 | |a 395 p. | ||
| 700 | |a coord | ||
| 999 | |c 14419 |d 14419 | ||
